| 000 | 00820 a2200193 4500 | ||
|---|---|---|---|
| 999 |
_c2196 _d2196 |
||
| 020 | _a0155040049 | ||
| 050 | _aHM51.CUR 1997 | ||
| 100 | _a Currier, Glen | ||
| 245 |
_aTelecourse study guide for the sociological imagination: _b introduction to sociology / _cGlenn Currier, Jane Penney, Dallas County Community College District. |
||
| 264 |
_aFort Worth, TX : _bHarcourt Brace & Co., _c1997. |
||
| 300 | _axii, 353 pages : illustrations ; 28 cm | ||
| 440 | _aSociological imagination: introduction to sociology (Television program) | ||
| 500 | _aIncludes index | ||
| 650 | _a Sociological imagination: introduction to sociology (Television program) | ||
| 650 | _aSociology -- Study and teaching. | ||
| 700 | _a Jane Penney | ||
| 710 | _aDallas County Community College District. | ||
| 942 |
_2lcc _cBK _h51 _iCUR _kHM |
||